Managing projects : A team-based approach

Managing Projects: A Team-Based Approach was written for a wide range of stakeholders, including project managers, project team members, support personnel, functional mangers who provide resources for projects, project customers (and customer representatives), project sponsors, project subcontractor...

Descrición completa

Gardado en:
Detalles Bibliográficos
Autor Principal: Brown, Karen A.
Formato: Libro
Idioma:Undetermined
Publicado: New York McGraw-Hill Irwin 2010
Những chủ đề:
Các nhãn: Engadir etiqueta
Sen Etiquetas, Sexa o primeiro en etiquetar este rexistro!
Thư viện lưu trữ: Trung tâm Học liệu Trường Đại học Cần Thơ
LEADER 01545nam a2200217Ia 4500
001 CTU_154807
008 210402s9999 xx 000 0 und d
020 |c 2635000 
082 |a 658.404 
082 |b B878 
100 |a Brown, Karen A. 
245 0 |a Managing projects : 
245 2 |b A team-based approach 
245 0 |c Karen A. Brown, Nancy Lea Hyer 
260 |a New York 
260 |b McGraw-Hill Irwin 
260 |c 2010 
520 |a Managing Projects: A Team-Based Approach was written for a wide range of stakeholders, including project managers, project team members, support personnel, functional mangers who provide resources for projects, project customers (and customer representatives), project sponsors, project subcontractors, and anyone who plays a role in the project delivery process. The need for project management is on the rise as product life cycles compress, demand for IT systems increases, and business takes on an increasingly global character. This book adds to the project management knowledge base in a way that fills an unmet need—it shows how teams can apply many of the standard project management tools, as well as several tools that are relatively new to the field. Managing Projects: A Team-Based Approach offers the academic rigor found in most textbooks along with the practical attributes often found more often in trade/professional publications. 
650 |a Quản lý dự án,Project management 
904 |i Trọng Hiếu 
980 |a Trung tâm Học liệu Trường Đại học Cần Thơ